000 00642nam a22002057a 4500
003 CO-ViMGA
008 170810b xxu||||| |||| 00| 0 eng d
020 _a8426102786
040 _aCO-ViMGA
_bspa
_cCO-ViMGA
082 _mHERa
100 1 _aHERGÉ
_d1907-1983
_910444
245 1 0 _aTintin en el país del oro negro /
_cHergé ; Traducción Concepción Zandrera.
260 _aBarcelona :
_bEditorial Juventud ,
_c1995.
300 _a62 p. :
_bIl. ; 29,8 x 22,1 cm.
490 _aLas aventuras de tintin
650 1 4 _aHistorietas infantiles
_910445
700 1 _aZendrera, Concepción ,
_etr.
_910447
942 _2ddc
_cBK
945 _aHERa
999 _c11195
_d11195